000 01003nam a22003497a 4500
003 DO-SdBPM
005 20241210083200.0
008 180205b1998 sp a | 00| 0 spa d
015 _a
017 _a
_b
020 _a8408361120
035 _a
040 _aDO-SdBPM
_bspa
_cBPMSU
_e
080 _a
080 _a
082 4 _aR616.024
_bC199r 1998
_222
100 1 _aCamps, Ángels
245 1 4 _aRemedios de la abuela :
_by cuidados de la salud a través de las hierbas /
_c Ángels Camps ; ilustraciones Núria Armengol
_h
250 _a
260 _aBarcelona :
_bPlaneta,
_c1998.
300 _a69 p. :
_bil., ;
_c26 cm.
490 1 _a
_v
590 _aInventariado, 2024/VM
650 4 _aPlantas medicinales
_2
650 4 _aBotánica médica
650 4 _aMateria médica vegetal
650 4 _aPlantas medicinales
_vCatálogo
700 1 _aArmengol, Núria
_eilustraciones
830 0 _a
_v
910 _aVMateo V. Control de caldiad. BPMSU
942 _2ddc
_cBK
999 _c13257
_d13257